Statistics for RLCS Goals

Click here to take the quiz!

General Stats

  • This quiz has been taken 17 times
  • The average score is 7 of 21

Answer Stats

Answer% Correct
Marc_by_8. vs Solary Season X EU Spring Major GF G5
77%
jstn. vs Vitality Season 8 Worlds GF G7
69%
ApparantlyJack vs Moist 2022-23 Fall Major GF G6
62%
M0nkey M00n 2021-22 Worlds GF G5
62%
Ahmad vs G2 21-22 Fall Major Round 1 G3
54%
Yanxnz vs Moist 2021-22 Worlds QF G7
54%
Arsenal vs NRG Season X NA Spring Regional 2 SF G2
38%
noly vs MOUZ Season 9 EU Week 3 G3
38%
Turbopolsa vs SSG Season 8 Worlds SF G2
38%
Beastmode vs KCorp 2021-22 Spring Major Upper Finals G7
31%
Firstkiller vs Endpoint 2021-22 Fall Major QF G5
31%
Joyo vs Falcons 2021-22 Spring Major GF Match 2 G4
31%
Vatira vs G2 2021-22 Winter Major GF Match 1 G7
31%
Yukeo vs Vitality Season 8 Worlds SF G6
31%
Kassio vs Renegades Season 8 Worlds Group Stage Lower Final G4
23%
crr vs Firstkiller Gamers8 SF G4 1v1
15%
Daniel vs Oxygen 2021-22 NA Winter Regional 2 Lower QF G7
15%
GarrettG vs BDS 2021-22 Fall Major GF Match 2 G4
15%
Seikoo vs BDS 2021-22 EU Winter Regional 1 Upper SF G4
15%
AyyJayy vs G2 2021-22 NA Spring Regional 3 GF G7
8%
Sypical vs SR 2022-23 NA Fall Open QF G5
8%

Score Distribution

Percentile by Number Answered

Percent of People with Each Score

Your Score History

You have not taken this quiz